00566nam a2200193Ia 4500008004100000041001200041082001100053100004400064245005400108260003300162300000800195365000700203520001400210546001200224630005400236650001400290655001400304730005400318101110s9999 xx 000 0 und d aENGLISH bJR5331 aGokhale, K.Mand Zunjurwad, N.GandOthers aA New course in Chemistry XII Sci (New Syllabus) c2007bNirali Prakashan, Pune a394 b70 aChemistry aENGLISH aA New course in Chemistry XII Sci (New Syllabus) aChemistry aChemistry aA New course in Chemistry XII Sci (New Syllabus)